Návrh robotického prípravku v automobilovom priemysle

Salvato in:
Dettagli Bibliografici
Autore principale: Dolinský, Jakub (Autore)
Altri autori: Václav, Štefan (Relatore della tesi)
Natura: Manoscritto Libro
Lingua:slovacco
Pubblicazione: 2025
Soggetti:
Accesso online:http://is.stuba.sk/zp/portal_zp.pl?podrobnosti=183969
Tags: Aggiungi Tag
Nessun Tag, puoi essere il primo ad aggiungerne!!

MARC

LEADER 00000ntm a22000003a 4500
001 stuzp104186
003 SK-STU
005 20250614212726.1
007 ta
008 150427s2015----xo-----f-mn---000-0-slo-d
040 |a STU  |b slo 
041 0 |a slo 
100 1 |a Dolinský, Jakub  |u 063000  |4 aut  |U MTF Materiálovotechnologická fakulta  |T MTF Ústav výrobných technológií  |X 111819  |U M3000  |Y 83  |7 111819 
242 0 1 |a Design of a robotic device in the automotive industry  |y eng 
245 1 0 |a Návrh robotického prípravku v automobilovom priemysle 
260 |c 2025 
650 4 |a Integration  |2 eng 
650 4 |a design  |2 eng 
650 4 |a fixture  |2 eng 
650 4 |a Prípravok  |2 slo 
650 4 |a Integrácia  |2 slo 
650 4 |a Návrh  |2 slo 
700 1 |a Václav, Štefan  |u 063600  |k Z1  |4 ths  |U MTF Ústav výrobných technológií  |T MTF Katedra obrábania a tvárnenia  |X 2778  |U M3600  |Y 841  |7 A000002778 
856 4 |u http://is.stuba.sk/zp/portal_zp.pl?podrobnosti=183969 
996 |c M* DP-15511  |l MMSKP  |s P  |a 0  |w stuzp104186_0001